Viisi väkiluvultaan pienintä valtiota maanosittain - Statistics

Yleistilastot
  • Tätä visaa on pelattu 672 kertaa
  • Keskiarvotulos 21 / 30
Vastaustilastot
Maanosa Väkiluku Valtio % Oikein
Eurooppa 1 000 Vatikaanivaltio
98%
Eurooppa 34 000 San Marino
95%
Eurooppa 38 000 Monaco
94%
Eurooppa 82 000 Andorra
93%
Eurooppa 40 000 Liechtenstein
93%
Oseania 12 000 Nauru
82%
Oseania 10 000 Tuvalu
79%
Etelä-Amerikka 3 386 000 Uruguay
77%
Etelä-Amerikka 834 000 Guyana
76%
Etelä-Amerikka 6 972 000 Paraguay
76%
Etelä-Amerikka 637 000 Suriname
75%
Aasia 465 000 Brunei
70%
Afrikka 132 000 Seychellit
70%
Afrikka 526 000 Kap Verde
69%
Pohjois-Amerikka 47 000 Saint Kitts ja Nevis
69%
Etelä-Amerikka 12 498 000 Bolivia
68%
Oseania 104 000 Tonga
68%
Oseania 18 000 Palau
67%
Pohjois-Amerikka 100 000 Saint Vincent ja Grenadiinit
67%
Afrikka 238 000 São Tomé ja Príncipe
67%
Aasia 794 000 Bhutan
65%
Afrikka 875 000 Komorit
64%
Oseania 37 000 Marshallinsaaret
64%
Aasia 1 410 000 Itä-Timor
63%
Pohjois-Amerikka 94 000 Antigua ja Barbuda
61%
Pohjois-Amerikka 117 000 Grenada
61%
Pohjois-Amerikka 66 000 Dominica
56%
Aasia 529 000 Malediivit
56%
Afrikka 1 177 000 Djibouti
55%
Aasia 1 365 000 Kypros
38%
Ehtoja vastaavia visoja ei löytynyt
Tulosjakauma
Jokaisen tuloksen saaneiden osuus
Persentiili vastausten määrän mukaan
Tuloshistoriasi
Et ole pelannut tätä visaa